000 00345 a2200157 4500
001 154436
040 _cEscola São Tomás de Aquino
100 _aCOLASANTI, Marina
240 1 0 _aCada bicho seu capricho
_lpor
245 1 0 _aCada bicho seu capricho
300 _a16
362 0 _a2002
440 1 _aGlobal
697 _aPoesia
942 _cBK
999 _c154436
_d154436